000 00594nam a2200169Ia 4500
005 20250923145140.0
008 008 250917s9999 xx 000 0 eng d
037 _aTextual
040 _aDSWL
_beng
_cDSWL
041 _aeng
_2eng
084 _aQ29M86oaYX.251, N69
_qDSWL
100 _aArora, Veena
_9832262
245 0 _aStudy of the Philosophy and welfare activities of the Ramakrina Mission, Delhi
_cby Veena Arora
260 _aDelhi
_b School of Social Work,3, University Road, -7
_c1969
942 _cTEXL
_hQ29M86oaYX.251, N69
999 _c1447758
_d1447758